| 000 | 00445nam a2200181Ia 4500 | ||
|---|---|---|---|
| 008 | 240925s9999 xx 000 0 und d | ||
| 020 | _a9789353062682 | ||
| 082 | _a658.45 BOV | ||
| 100 | _aBovee, Courtland L | ||
| 245 | 0 | _aBusiness Communication Today | |
| 250 | _a14th | ||
| 260 |
_aChennai: _bPearson _cNA |
||
| 300 |
_a738p. _bNA _fOriginal |
||
| 500 | _aIncludes Index | ||
| 600 | _aManagement | ||
| 650 | _aManagement | ||
| 942 | _cBK | ||
| 999 |
_c14754 _d14754 |
||